Sports Quiz

Random Sports or WWE Quiz

Win/Loss Record - WWE Bragging Rights PPV Quiz Stats

Quiz not verified by Sporcle

Also try: Missing Team Blitz
Challenge
Share
Tweet
Embed
Score 0/42 Timer 10:00
0 Plays Today
Win/Loss Record Wrestler % Correct
2--0John Cena
93.6%
0--2Randy Orton
91.5%
2--0Kane
88.3%
0--1Triple H
87.2%
1--1The Big Show
86.2%
1--1The Undertaker
85.1%
0--2John Morrison
80.9%
0--1Shawn Michaels
79.8%
1--0Chris Jericho
77.7%
1--1Rey Mysterio
77.7%
1--1The Miz
76.6%
1--0Edge
76.6%
1--0Wade Barrett
74.5%
0--2Cody Rhodes
74.5%
1--0Ted Dibiase, jr.
73.4%
1--0Alberto Del Rio
71.3%
0--1Goldust
71.3%
0--2CM Punk
70.2%
1--0Daniel Bryan
70.2%
1--0Tyson Kidd
70.2%
0--1Dolph Ziggler
69.1%
Win/Loss Record Wrestler % Correct
1--1Kofi Kingston
69.1%
0--1Sheamus
68.1%
1--0Layla
67%
1--0D.H. Smith
67%
1--0Beth Phoenix
66%
1--1R-Truth
66%
0--1Batista
66%
1--0Michelle McCool
66%
0--1Santino Marella
64.9%
1--1Natalya
64.9%
1--0Tyler Reks
64.9%
1--0David Otunga
63.8%
0--1Drew McIntyre
63.8%
1--0Finlay
62.8%
1--0Matt Hardy
61.7%
1--1Jack Swagger
60.6%
0--1Kelly Kelly
60.6%
0--1Ezekiel Jackson
59.6%
0--1Mark Henry
57.4%
0--1Melina
57.4%
0--1Gail Kim
53.2%

You're not logged in!

Compare scores with friends on all Sporcle quizzes.
Sign Up with Email
OR
Log In

You Might Also Like...

Show Comments

Extras

Top Quizzes Today


Score Distribution

Your Account Isn't Verified!

In order to create a playlist on Sporcle, you need to verify the email address you used during registration. Go to your Sporcle Settings to finish the process.